000 00393nam a2200169Ia 4500
008 210210b1929 xxu||||| |||| 00| 0 eng d
041 _aeng
082 _a519/15
100 _aBRODETSKY (S)
245 _aMeaning of mathematics
260 _aLondon
_bErnest Benn Limited
_c1929
650 _aof
650 _aMeaning
650 _amathematics
690 _aMathematics
906 _a007876
999 _c140735
_d140735